ساینس اور سماج / (Record no. 170177)

MARC details
000 -LEADER
fixed length control field 00647nam a22001937a 4500
005 - DATE AND TIME OF LATEST TRANSACTION
control field 20191212102139.0
010 ## - LCCN (DPL NO)
LC control number A-941661
020 ## - INTERNATIONAL STANDARD BOOK NUMBER
Terms of availability 125.00
035 ## - SYSTEM CONTROL NUMBER
System control number A-941661
037 ## - SOURCE OF ACQUISITION
Source of stock number/acquisition BPPD/Pub.
082 ## - DEWEY DECIMAL CLASSIFICATION NUMBER
Classification number 303.483
100 ## - MAIN ENTRY--PERSONAL NAME
Personal name سریو پرساد گوپتا
245 ## - TITLE STATEMENT
Title ساینس اور سماج /
Statement of responsibility, etc سریو پرساد گوپتا
246 ## - VARYING FORM OF TITLE
Title proper/short title Science aur Samaj (Urdu) /
Remainder of title by Saryu Parsad Gupta
260 ## - PUBLICATION, DISTRIBUTION, ETC. (IMPRINT)
Place of publication, distribution, etc New Delhi
Name of publisher, distributor, etc Educational Publishing House
Date of publication, distribution, etc 1998 ء
270 ## - ADDRESS
Address 3108, Gali Azizuddin Vakil, Kucha Pandit, Lal Kuan
City New delhi
Postal code 110006
300 ## - PHYSICAL DESCRIPTION
Extent 159p.
Dimensions 20cm(Hb)
942 ## - ADDED ENTRY ELEMENTS (KOHA)
Source of classification or shelving scheme Dewey Decimal Classification
Item type Urdu Bks
Classification part 303.483
Call number suffix گ پ ت
Holdings
Withdrawn status Lost status Not for loan Collection code Home library Current library Date acquired Source of acquisition Cost, normal purchase price Full call number Barcode Copy number Cost, replacement price Koha item type
      Non-fiction Central Library Central Library 11/12/2019 BPPD/Ven. 125.00 303.483 گ پ ت A-941661 1 125.00 Urdu Bks

© Delhi Public Library
Hit Counter
free hit counter